• 首页
  • 本馆介绍
  • 公告通知
  • 最新文献
  • 馆藏检索
  • 电子资源
  • 读者导购
  • 参考咨询
  • 我的图书馆
  • 登录
  • 详细信息显示
  • 放入我的书架
  • 预约/预借图书
  • 作者相关作品
  • 分类相关作品
  • 丛书相关作品
  • 出版社相关作品

书目信息

  • 表格格式
  • 工作单格式
  • 卡片格式
题名:
代数拓扑学
    
 
作者: 斯潘尼尔 著 ;左再思 译
分册:  
出版信息: 上海   上海科学技术出版社  1987.8
页数: 187页
开本: 21cm
丛书名:
单 册:
中图分类: O189.2
科图分类:
主题词: 代数拓扑
电子资源:
ISBN:
000 00595nam0 2200217 45
001 0405241115
005 20041117165426.0
010    @dCNY1.80
091    @a13119.1427
100    @a20040524d1987 km y0chiy0120 ea
101 0  @achi
105    @a z 000yy
200 1  @a代数拓扑学@ADai Shu Tuo Pu Xue@f()斯潘尼尔著@F()Si Pan Ni Er Zhu@g左再思译
210    @a上海@c上海科学技术出版社@d1987.8
215    @a187页@d21cm
606 0  @a代数拓扑
690    @aO189.2@v3
701  0 @a斯潘尼尔@4著
702  0 @a左再思@AZuo Zai Si@4译
801    @aCN@bPftUser@c20040524
905    @dO189.2@e18@f1@b206227
    
    代数拓扑学/()斯潘尼尔著/左再思译.-上海:上海科学技术出版社,1987.8
    187页;21cm
    
    
    ISBN :CNY1.80
    
●
相关链接 在E读中查询图书 在五车中查询图书 在当当中查询图书 在豆瓣中查询图书


正题名:代数拓扑学     索取号:O189.2/18         预约/预借

序号 登录号 条形码 馆藏地/架位号 状态 备注
1 0206226   000399250   第三借阅区/ [索取号:O189.2/18] 在馆    
2 0206227   000399321   第三借阅区/ [索取号:O189.2/18] 在馆    
3 0206228   000399303   第三借阅区/ [索取号:O189.2/18] 在馆    
4 0206229   000399312   第三借阅区/ [索取号:O189.2/18] 在馆    
5 0206230   000399287   第二样本阅览室/ [索取号:O189.2/18] 在馆    
唐山师范学院图书馆 欢迎您!
大连网信软件有限公司© 版权所有